Rozpoznaj Piłkarza Po Przebiegu Kariery - Statystyki

Ogólne statystyki
  • Ten quiz został rozwiązany 2 354 razy
    2 348 od ostatniego zresetowania
  • Średni wynik to 5 z 10
Statystyki odpowiedzi
Przebieg kariery Piłkarz % Poprawnych
Sporting > Manchester United > Real Madryt > Juventus Cristiano Ronaldo
99%
KS Częstochowa > Wisła Kraków > Borussia Dortmund > Wolfsburg > Wisła Kraków Jakub Błaszczykowski
68%
Anderlecht > Chelsea > Everton > Manchester United > Inter Mediolan Romelu Lukaku
57%
Parma > Juventus > PSG > Juventus Gianluigi Buffon
56%
Real Sociedad > Atletico Madryt > FC Barcelona Antoine Griezmann
52%
Hamburger SV > Bayer Leverkusen > Tottenham Heung-min Son
45%
Colo-Colo > Bayer Leverkusen > Juventus > Bayern Monachium > FC Barcelona Arturo Vidal
40%
Independiente > Atletico Madryt > Manchester City Sergio Agüero
30%
Danubio > Palermo >SSC Napoli > PSG Edinson Cavani
28%
Genooble > Tours > Montpellier > Arsenal > Chelsea Olivier Giroud
22%
Nie znaleziono quizów pasujących do podanych kryteriów
Rozkład punktacji
Procent ludzi z każdym wynikiem
Percentyl według liczby udzielonych odpowiedzi
Twoja historia wyników
Nie rozwiązałeś tego quizu od ostatniego zresetowania